[Event "World Junior U20 Girls 2018"]
[Site "Gebze"]
[Date "2018.09.07"]
[Round "3"]
[White "Caxita, Esperanca"]
[Black "Heydarova, Aytaj"]
[Result "0-1"]
[WhiteElo "1803"]
[BlackElo "1948"]
[Annotator "NA"]
[PlyCount "62"]
[EventDate "2018.09.05"]
[EventType "swiss"]
[EventCountry "TUR"]
[SourceTitle "playchess.com"]
[Source "ChessBase"]
[SourceQuality "1"]
[TimeControl "40/5400+30:1800+30"]

1. e4 c5 2. Nf3 d6 3. Nc3 Nf6 4. d4 cxd4 5. Nxd4 g6 6. Be2 Bg7 7. Be3 Nc6 8. Qd2 O-O 9. O-O-O Nxd4 10. Bxd4 Be6 11. h4 Qa5 12. Qg5 Qc7 13. h5 {[%emt 0:19:30]} Rac8 {[%emt 0:35:30]} 14. Qd2 {[%emt 0:12:30]} Nxe4 {[%emt 0:14:30]} 15. Nxe4 {[%emt 0:03:30]} Bxd4 {[%emt 0:00:00]} 16. Kb1 {[%emt 0:09:30]} Bg7 {[%emt 0:02:00]} 17. hxg6 {[%emt 0:03:30]} hxg6 {[%emt 0:03:30]} 18. Bd3 {[%emt 0:02:30]} Qb6 {[%emt 0:03:30]} 19. Qc1 {[%emt 0:10:30]} Qa5 {[%emt 0:07:30]} 20. a3 {[%emt 0:01:30]} Rc6 {[%emt 0:00:30]} 21. Qg5 {[%emt 0:04:30]} Qb6 {[%emt 0:16:34]} 22. c3 {[%emt 0:09:30]} d5 {[%emt 0:07:33]} 23. Qh4 {[%emt 0:08:25]} Rfc8 {[%emt 0:00:51]} 24. Ng5 {[%emt 0:02:15]} Rxc3 {[%emt 0:02:08]} 25. Qb4 {[%emt 0:02:00]} Qxb4 {[%emt 0:01:00]} 26. axb4 {[%emt 0:00:07]} Rb3 {[%emt 0:00:50]} 27. Rd2 {[%emt 0:00:30]} Bd7 {[%emt 0:00:54]} 28. b5 {[%emt 0:03:58]} Bxb5 {[%emt 0:01:51]} 29. Bxb5 {[%emt 0:00:30]} Rxb5 {[%emt 0:00:00]} 30. Rh3 {[%emt 0:00:00]} Rc4 {[%emt 0:01:14]} 31. Ra3 {[%emt 0:04:01]} Bh6 {[%emt 0:01:27]} 0-1

[Event "World Junior U20 Girls 2018"]
[Site "Gebze"]
[Date "2018.09.07"]
[Round "3"]
[White "Anacoglu, Cisel"]
[Black "Koo, Wei Xin Rosamund"]
[Result "1-0"]
[WhiteElo "1791"]
[BlackElo "1918"]
[Annotator "NA"]
[PlyCount "87"]
[EventDate "2018.09.05"]
[EventType "swiss"]
[EventCountry "TUR"]
[SourceTitle "playchess.com"]
[Source "ChessBase"]
[SourceQuality "1"]
[TimeControl "40/5400+30:1800+30"]

1. e4 c5 2. Nf3 g6 3. d4 cxd4 4. Qxd4 Nf6 $11 5. Nc3 {LiveBook: 313 Games} Nc6 6. Qa4 d6 7. e5 dxe5 8. Nxe5 Qd4 9. Nxc6 Qxa4 10. Nxa4 bxc6 11. b3 Bf5 12. Bb2 Bg7 13. O-O-O O-O {[%emt 0:28:30]} 14. Bd3 {[%emt 0:23:00]} Bxd3 {[%emt 0:15:30]} 15. Rxd3 {[%emt 0:00:30]} Bh6+ {[%emt 0:00:30]} 16. Kb1 {[%emt 0:00:30]} Ne4 {[%emt 0:02:30]} 17. Re1 {[%emt 0:03:30]} Nxf2 {[%emt 0:14:30]} 18. Rf3 {[%emt 0:00:30]} Ng4 {[%emt 0:01:30]} 19. h3 {[%emt 0:00:30]} Nf6 {[%emt 0:02:30]} 20. Ba3 {[%emt 0:36:30]} Rfe8 {[%emt 0:00:30]} 21. Rxe7 {[%emt 0:00:30]} Nd5 {[%emt 0:00:30]} 22. Rxe8+ {[%emt 0:00:30]} Rxe8 {[%emt 0:00:30]} 23. c4 {[%emt 0:00:30]} Re1+ {[%emt 0:00:30]} 24. Kc2 {[%emt 0:00:30]} Ne3+ {[%emt 0:06:30]} 25. Kd3 {[%emt 0:06:30]} Nxg2 {[%emt 0:01:30]} 26. Bc5 {[%emt 0:04:30]} Re6 {[%emt 0:03:30]} 27. Rf2 {[%emt 0:05:30]} Nf4+ {[%emt 0:02:30]} 28. Kc2 {[%emt 0:00:30]} a6 {[%emt 0:02:30]} 29. Rd2 {[%emt 0:09:46]} Re2 {[%emt 0:00:30]} 30. Bb4 {[%emt 0:00:17]} Rxd2+ {[%emt 0:02:12]} 31. Bxd2 {[%emt 0:00:30]} g5 {[%emt 0:00:18]} 32. Bxf4 {[%emt 0:02:20]} gxf4 {[%emt 0:00:30]} 33. Nc5 {[%emt 0:00:00]} f3 {[%emt 0:01:04]} 34. Kd3 {[%emt 0:00:00]} Kg7 {[%emt 0:01:03]} 35. Nxa6 {[%emt 0:00:02]} Kg6 {[%emt 0:04:18]} 36. Nb8 {[%emt 0:00:41]} Kh5 {[%emt 0:03:29]} 37. Nxc6 {[%emt 0:02:12]} Kh4 {[%emt 0:00:12]} 38. Ne5 {[%emt 0:03:18]} Kg3 {[%emt 0:00:33]} 39. Nxf3 {[%emt 0:04:00]} Kxf3 {[%emt 0:00:04]} 40. c5 {[%emt 0:00:00]} Bf8 {[%emt 0:00:00]} 41. c6 {[%emt 0:06:24]} Bd6 {[%emt 0:07:17]} 42. a4 {[%emt 0:00:30]} Bc7 {[%emt 0:01:30]} 43. b4 {[%emt 0:00:30]} f5 {[%emt 0:02:30]} 44. a5 {[%emt 0:00:30]} 1-0

[Event "World Junior U20 Girls 2018"]
[Site "Gebze"]
[Date "2018.09.07"]
[Round "3"]
[White "De Silva, Tenara"]
[Black "Gomez Barrera, Javiera Belen"]
[Result "1-0"]
[WhiteElo "1764"]
[BlackElo "2035"]
[Annotator "NA"]
[PlyCount "103"]
[EventDate "2018.09.05"]
[EventType "swiss"]
[EventCountry "TUR"]
[SourceTitle "playchess.com"]
[Source "ChessBase"]
[SourceQuality "1"]
[TimeControl "40/5400+30:1800+30"]

1. e4 e5 2. Nf3 Nc6 3. d4 exd4 4. Nxd4 Bc5 $14 5. Nb3 Bb6 6. Nc3 Nf6 7. Bg5 a5 8. Bb5 h6 9. Bh4 O-O {[%emt 0:33:30]} 10. f3 {[%emt 0:20:00]} g5 {[%emt 0:22:30]} 11. Bf2 {[%emt 0:02:30]} Bxf2+ {[%emt 0:06:30]} 12. Kxf2 {[%emt 0:00:30]} Ne5 {[%emt 0:04:30]} 13. Qd4 {[%emt 0:05:30]} d6 {[%emt 0:02:30]} 14. Be2 {[%emt 0:04:30]} a4 {[%emt 0:05:30]} 15. Nd2 {[%emt 0:09:30]} Be6 {[%emt 0:02:30]} 16. Nf1 {[%emt 0:01:30]} c5 {[%emt 0:06:20]} 17. Qd2 {[%emt 0:01:30]} d5 {[%emt 0:02:49]} 18. exd5 {[%emt 0:02:30]} Nxd5 {[%emt 0:00:37]} 19. Nxd5 {[%emt 0:00:30]} Qxd5 {[%emt 0:00:28]} 20. Qxd5 {[%emt 0:00:30]} Bxd5 {[%emt 0:00:02]} 21. Ne3 {[%emt 0:00:00]} Be6 {[%emt 0:00:13]} 22. h4 {[%emt 0:01:00]} Kg7 {[%emt 0:12:19]} 23. hxg5 {[%emt 0:07:30]} hxg5 {[%emt 0:00:30]} 24. Rh5 {[%emt 0:00:30]} Kf6 {[%emt 0:00:30]} 25. a3 {[%emt 0:00:30]} Rh8 {[%emt 0:00:30]} 26. Rxh8 {[%emt 0:00:30]} Rxh8 {[%emt 0:00:30]} 27. Rd1 {[%emt 0:00:30]} Rc8 {[%emt 0:00:30]} 28. Bb5 {[%emt 0:00:30]} Ra8 {[%emt 0:00:30]} 29. Nd5+ {[%emt 0:00:30]} Bxd5 {[%emt 0:00:30]} 30. Rxd5 {[%emt 0:01:30]} Ra5 {[%emt 0:00:31]} 31. Rd6+ {[%emt 0:01:30]} Ke7 {[%emt 0:00:42]} 32. Rb6 {[%emt 0:00:30]} Ra7 {[%emt 0:00:14]} 33. Ke3 {[%emt 0:00:30]} Ng6 {[%emt 0:00:40]} 34. Ke4 {[%emt 0:03:30]} Nf4 {[%emt 0:00:17]} 35. g4 {[%emt 0:00:00]} Ne6 {[%emt 0:00:18]} 36. Bc4 {[%emt 0:07:00]} Nd4 {[%emt 0:00:45]} 37. c3 {[%emt 0:00:30]} Nc6 {[%emt 0:00:19]} 38. Bd5 {[%emt 0:01:30]} Kd6 {[%emt 0:00:33]} 39. Rb5 {[%emt 0:03:30]} f6 {[%emt 0:00:32]} 40. c4 {[%emt 0:00:00]} Nd8 {[%emt 0:00:00]} 41. Kf5 {[%emt 0:02:00]} Ke7 {[%emt 0:10:51]} 42. Rxc5 {[%emt 0:00:30]} b6 {[%emt 0:00:30]} 43. Rb5 {[%emt 0:00:30]} Ra6 {[%emt 0:00:00]} 44. Kg6 {[%emt 0:00:30]} Ne6 {[%emt 0:01:00]} 45. Bxe6 {[%emt 0:00:30]} Kxe6 {[%emt 0:00:30]} 46. Rf5 {[%emt 0:00:30]} Ra8 {[%emt 0:00:30]} 47. Rxf6+ {[%emt 0:00:30]} Ke5 {[%emt 0:00:30]} 48. Kxg5 {[%emt 0:01:30]} Rg8+ {[%emt 0:00:30]} 49. Rg6 {[%emt 0:00:00]} Rf8 {[%emt 0:00:30]} 50. f4+ {[%emt 0:00:00]} Ke4 {[%emt 0:00:00]} 51. Rxb6 {[%emt 0:00:00]} Rxf4 {[%emt 0:01:00]} 52. Rf6 {[%emt 0:00:00]} 1-0

[Event "World Junior U20 Girls 2018"]
[Site "Gebze"]
[Date "2018.09.07"]
[Round "3"]
[White "Huttl, Sofie"]
[Black "Doroy Allaney Jia G"]
[Result "0-1"]
[WhiteElo "1727"]
[BlackElo "1914"]
[Annotator "NA"]
[PlyCount "92"]
[EventDate "2018.09.05"]
[EventType "swiss"]
[EventCountry "TUR"]
[SourceTitle "playchess.com"]
[Source "ChessBase"]
[SourceQuality "1"]
[TimeControl "40/5400+30:1800+30"]

1. e4 {[%emt 0:00:30]} e5 {[%emt 0:00:30]} 2. Nf3 {[%emt 0:00:30]} Nf6 {[%emt 0:00:00]} 3. Nc3 {[%emt 0:01:30]} Nc6 {[%emt 0:00:00]} 4. Bc4 {[%emt 0:00:00]} Bc5 {[%emt 0:00:30]} 5. d3 {[%emt 0:01:00]} h6 {[%emt 0:00:30]} 6. O-O {[%emt 0:00:30]} O-O {[%emt 0:01:30]} 7. h3 {[%emt 0:03:30]} d6 {[%emt 0:00:30]} 8. Be3 {[%emt 0:00:30]} Bb6 {[%emt 0:03:30]} 9. Bxb6 {[%emt 0:05:30]} axb6 {[%emt 0:01:30]} 10. d4 {[%emt 0:08:30]} exd4 {[%emt 0:12:30]} 11. Nxd4 {[%emt 0:00:30]} Bd7 {[%emt 0:21:30]} 12. Bb5 $11 {[%emt 0:36:00]} Qe8 {[%emt 0:08:30]} 13. Nxc6 {[%emt 0:01:30]} bxc6 {[%emt 0:00:30]} 14. Bd3 {[%emt 0:00:30]} b5 {[%emt 0:01:30]} 15. Qf3 {[%emt 0:09:30]} b4 {[%emt 0:06:30]} 16. Ne2 {[%emt 0:00:30]} Qe5 {[%emt 0:00:30]} 17. Rfb1 {[%emt 0:07:30]} c5 {[%emt 0:02:30]} 18. Qf4 {[%emt 0:03:30]} Be6 {[%emt 0:21:30]} 19. Qxe5 {[%emt 0:00:30]} dxe5 {[%emt 0:00:00]} 20. b3 {[%emt 0:06:30]} Ne8 {[%emt 0:01:00]} 21. c3 {[%emt 0:00:30]} Nd6 {[%emt 0:00:30]} 22. cxb4 {[%emt 0:00:30]} cxb4 {[%emt 0:00:30]} 23. Rc1 {[%emt 0:00:30]} Ra7 {[%emt 0:00:30]} 24. f3 {[%emt 0:00:30]} Rfa8 {[%emt 0:00:30]} 25. Rc2 {[%emt 0:10:30]} Bxb3 {[%emt 0:04:30]} 26. Rb2 {[%emt 0:00:30]} Bxa2 {[%emt 0:00:30]} 27. Rxb4 {[%emt 0:00:00]} Ra3 {[%emt 0:02:30]} 28. Bb1 {[%emt 0:03:00]} Be6 {[%emt 0:03:30]} 29. Rxa3 {[%emt 0:01:30]} Rxa3 {[%emt 0:00:00]} 30. Kf2 {[%emt 0:00:30]} c5 {[%emt 0:01:00]} 31. Rb6 {[%emt 0:01:30]} Nc4 {[%emt 0:00:00]} 32. Rb5 {[%emt 0:01:41]} Ra5 {[%emt 0:09:56]} 33. Rxa5 {[%emt 0:02:03]} Nxa5 {[%emt 0:00:02]} 34. Ke3 {[%emt 0:00:00]} Kf8 {[%emt 0:00:34]} 35. Kd2 {[%emt 0:01:41]} Ke7 {[%emt 0:00:49]} 36. Nc3 {[%emt 0:02:13]} Kd6 {[%emt 0:00:53]} 37. Nb5+ {[%emt 0:01:18]} Kc6 {[%emt 0:00:40]} 38. Nc3 {[%emt 0:01:13]} c4 {[%emt 0:00:29]} 39. Nd1 {[%emt 0:00:56]} Kc5 {[%emt 0:01:12]} 40. Kc3 {[%emt 0:00:00]} Nc6 {[%emt 0:00:00]} 41. Ne3 {[%emt 0:02:55]} Nd4 {[%emt 0:00:55]} 42. Ba2 {[%emt 0:01:30]} Nb5+ {[%emt 0:01:30]} 43. Kc2 {[%emt 0:00:30]} Kd4 {[%emt 0:00:30]} 44. Nd1 {[%emt 0:01:30]} f5 {[%emt 0:01:30]} 45. Nb2 {[%emt 0:00:30]} fxe4 {[%emt 0:01:30]} 46. fxe4 {[%emt 0:00:30]} Nc3 {[%emt 0:01:30]} 0-1

[Event "World Junior U20 Girls 2018"]
[Site "Gebze"]
[Date "2018.09.07"]
[Round "3"]
[White "Incecik, Seyma Zeynep"]
[Black "Meenal Gupta"]
[Result "0-1"]
[WhiteElo "1716"]
[BlackElo "1963"]
[Annotator "NA"]
[PlyCount "146"]
[EventDate "2018.09.05"]
[EventType "swiss"]
[EventCountry "TUR"]
[SourceTitle "playchess.com"]
[Source "ChessBase"]
[SourceQuality "1"]
[TimeControl "40/5400+30:1800+30"]

1. b3 c5 2. Bb2 b6 3. Nf3 Bb7 4. e3 e6 5. Be2 Nf6 6. O-O Be7 7. c4 O-O 8. d4 cxd4 9. Nxd4 a6 10. Nc3 d6 11. Bf3 Qc7 12. Bxb7 Qxb7 {[%emt 0:21:00]} 13. Qf3 {[%emt 0:30:30]} Qxf3 {[%emt 0:00:30]} 14. Nxf3 {[%emt 0:02:30]} Nbd7 {[%emt 0:04:30]} 15. Ba3 {[%emt 0:04:30]} Rfc8 {[%emt 0:13:30]} 16. Rac1 {[%emt 0:04:30]} Rab8 {[%emt 0:06:30]} 17. Rfd1 {[%emt 0:04:30]} Nc5 {[%emt 0:00:30]} 18. Nd4 {[%emt 0:00:30]} Kf8 {[%emt 0:02:30]} 19. Kf1 {[%emt 0:01:30]} Ng4 {[%emt 0:07:30]} 20. h3 {[%emt 0:04:30]} Nf6 {[%emt 0:08:30]} 21. Ke2 {[%emt 0:04:30]} Nfe4 {[%emt 0:00:30]} 22. Nxe4 {[%emt 0:04:30]} Nxe4 {[%emt 0:00:30]} 23. Kf1 {[%emt 0:01:30]} Ke8 {[%emt 0:01:30]} 24. Ne2 {[%emt 0:10:30]} Rb7 {[%emt 0:06:30]} 25. Nf4 {[%emt 0:03:30]} Rbc7 {[%emt 0:03:30]} 26. Nd3 {[%emt 0:11:25]} b5 {[%emt 0:06:04]} 27. cxb5 {[%emt 0:01:49]} axb5 {[%emt 0:00:32]} 28. Bb2 {[%emt 0:02:25]} f6 {[%emt 0:01:49]} 29. Rxc7 {[%emt 0:00:56]} Rxc7 {[%emt 0:00:30]} 30. Rc1 {[%emt 0:00:30]} Ra7 {[%emt 0:01:48]} 31. Ra1 {[%emt 0:00:53]} d5 {[%emt 0:00:17]} 32. Ke2 {[%emt 0:03:04]} b4 {[%emt 0:02:21]} 33. f3 {[%emt 0:03:08]} Ng5 {[%emt 0:00:41]} 34. Bd4 {[%emt 0:01:11]} Ra5 {[%emt 0:00:04]} 35. Bb6 {[%emt 0:00:32]} Rb5 {[%emt 0:00:05]} 36. Bd4 {[%emt 0:00:16]} e5 {[%emt 0:01:33]} 37. Bb2 {[%emt 0:00:07]} Ne6 {[%emt 0:00:00]} 38. Rd1 {[%emt 0:01:54]} g5 {[%emt 0:02:00]} 39. Rd2 {[%emt 0:00:42]} h5 {[%emt 0:00:35]} 40. g4 {[%emt 0:00:00]} h4 {[%emt 0:00:00]} 41. Ne1 {[%emt 0:08:08]} Ra5 {[%emt 0:03:41]} 42. Ba1 {[%emt 0:00:30]} Nc5 {[%emt 0:03:30]} 43. Ng2 {[%emt 0:07:34]} Kf7 {[%emt 0:03:30]} 44. f4 {[%emt 0:03:58]} Ke6 {[%emt 0:02:30]} 45. f5+ {[%emt 0:07:06]} Kf7 {[%emt 0:00:30]} 46. Rc2 {[%emt 0:03:55]} Nxb3 {[%emt 0:02:30]} 47. axb3 {[%emt 0:04:00]} Rxa1 {[%emt 0:00:30]} 48. Rd2 {[%emt 0:00:00]} Rb1 {[%emt 0:01:30]} 49. Rxd5 {[%emt 0:00:50]} Rxb3 {[%emt 0:00:30]} 50. Rd3 {[%emt 0:00:16]} Ra3 {[%emt 0:00:30]} 51. Rxa3 {[%emt 0:00:46]} bxa3 {[%emt 0:00:30]} 52. Ne1 {[%emt 0:00:00]} a2 {[%emt 0:00:30]} 53. Nc2 {[%emt 0:00:00]} Ba3 {[%emt 0:00:00]} 54. Kd3 {[%emt 0:01:06]} Bb2 {[%emt 0:00:00]} 55. Kc4 {[%emt 0:00:34]} a1=Q {[%emt 0:00:30]} 56. Nxa1 {[%emt 0:00:00]} Bxa1 {[%emt 0:00:00]} 57. Kb3 {[%emt 0:00:10]} Ke7 {[%emt 0:00:00]} 58. Kc4 {[%emt 0:00:06]} Kd6 {[%emt 0:00:30]} 59. e4 {[%emt 0:00:00]} Kc6 {[%emt 0:00:00]} 60. Kd3 {[%emt 0:00:09]} Kc5 {[%emt 0:00:00]} 61. Ke3 {[%emt 0:00:30]} Kc4 {[%emt 0:00:00]} 62. Kf3 {[%emt 0:00:00]} Kd3 {[%emt 0:00:00]} 63. Kg2 {[%emt 0:00:11]} Kxe4 {[%emt 0:00:30]} 64. Kf2 {[%emt 0:00:00]} Kd3 {[%emt 0:00:00]} 65. Kf3 {[%emt 0:00:00]} e4+ {[%emt 0:00:00]} 66. Kf2 {[%emt 0:00:07]} e3+ {[%emt 0:00:00]} 67. Kf1 {[%emt 0:00:00]} e2+ {[%emt 0:00:00]} 68. Kg2 {[%emt 0:00:00]} e1=Q {[%emt 0:00:00]} 69. Kh2 {[%emt 0:00:00]} Be5+ {[%emt 0:00:00]} 70. Kg2 {[%emt 0:00:00]} Qe2+ {[%emt 0:00:30]} 71. Kg1 {[%emt 0:00:00]} Bd4+ {[%emt 0:00:30]} 72. Kh1 {[%emt 0:00:00]} Qf1+ {[%emt 0:00:30]} 73. Kh2 {[%emt 0:00:00]} Be5# {[%emt 0:00:00]} 0-1

[Event "World Junior U20 Girls 2018"]
[Site "Gebze"]
[Date "2018.09.07"]
[Round "3"]
[White "Esti, Kubra Selenay"]
[Black "Malatsilava, Volha"]
[Result "0-1"]
[WhiteElo "1662"]
[BlackElo "2040"]
[Annotator "NA"]
[PlyCount "89"]
[EventDate "2018.09.05"]
[EventType "swiss"]
[EventCountry "TUR"]
[SourceTitle "playchess.com"]
[Source "ChessBase"]
[SourceQuality "1"]
[TimeControl "40/5400+30:1800+30"]

1. d4 Nf6 2. Nc3 d5 3. Bg5 e6 4. e4 dxe4 5. Nxe4 Be7 6. Nxf6+ Bxf6 7. Bxf6 Qxf6 8. Nf3 O-O 9. Bd3 c5 {[%emt 0:16:30]} 10. c3 {[%emt 0:34:00]} cxd4 {[%emt 0:00:30]} 11. Nxd4 {[%emt 0:02:30]} e5 {[%emt 0:03:30]} 12. Ne2 {[%emt 0:04:30]} Nc6 {[%emt 0:09:30]} 13. Qc2 {[%emt 0:04:30]} Qh6 {[%emt 0:02:30]} 14. O-O {[%emt 0:14:30]} f5 {[%emt 0:01:30]} 15. f4 {[%emt 0:06:30]} e4 {[%emt 0:01:30]} 16. Bc4+ {[%emt 0:00:30]} Be6 {[%emt 0:03:30]} 17. Qb3 {[%emt 0:02:30]} Bxc4 {[%emt 0:01:30]} 18. Qxc4+ {[%emt 0:00:30]} Kh8 {[%emt 0:00:30]} 19. Rad1 {[%emt 0:00:30]} Rad8 {[%emt 0:00:30]} 20. Qb5 {[%emt 0:00:30]} Qf6 {[%emt 0:00:30]} 21. Ng3 {[%emt 0:08:30]} g6 {[%emt 0:07:30]} 22. Qxb7 {[%emt 0:00:30]} Rd3 {[%emt 0:13:30]} 23. Qa6 {[%emt 0:06:59]} Rfd8 {[%emt 0:01:30]} 24. Rde1 {[%emt 0:01:10]} Qd6 {[%emt 0:00:30]} 25. Ne2 {[%emt 0:02:23]} Qc5+ {[%emt 0:00:30]} 26. Kh1 {[%emt 0:00:42]} Rd2 {[%emt 0:06:00]} 27. b4 {[%emt 0:01:35]} Qd5 {[%emt 0:00:30]} 28. b5 {[%emt 0:01:50]} Nb8 {[%emt 0:00:30]} 29. Qxa7 {[%emt 0:00:33]} Qxb5 {[%emt 0:01:00]} 30. Nd4 {[%emt 0:02:26]} Qd5 {[%emt 0:02:30]} 31. Qb6 {[%emt 0:01:43]} Rf8 {[%emt 0:09:30]} 32. Qb4 {[%emt 0:01:18]} Re8 {[%emt 0:02:30]} 33. Qb3 {[%emt 0:01:07]} Qd7 {[%emt 0:01:30]} 34. Re3 {[%emt 0:01:03]} Na6 {[%emt 0:00:56]} 35. a4 {[%emt 0:01:06]} Rb8 {[%emt 0:01:30]} 36. Qc4 {[%emt 0:00:59]} Nc7 {[%emt 0:00:42]} 37. Rfe1 {[%emt 0:01:10]} Nd5 {[%emt 0:01:23]} 38. R3e2 {[%emt 0:01:00]} e3 {[%emt 0:02:41]} 39. Nb5 {[%emt 0:00:53]} Rc8 {[%emt 0:01:58]} 40. Qb3 {[%emt 0:00:00]} Nxf4 {[%emt 0:00:00]} 41. Rxe3 {[%emt 0:13:13]} Qb7 {[%emt 0:21:26]} 42. Re8+ {[%emt 0:08:23]} Rxe8 {[%emt 0:00:30]} 43. Rxe8+ {[%emt 0:00:02]} Kg7 {[%emt 0:00:30]} 44. Qg8+ {[%emt 0:00:50]} Kh6 {[%emt 0:01:00]} 45. Qf8+ {[%emt 0:00:30]} 0-1

[Event "World Junior U20 Girls 2018"]
[Site "Gebze"]
[Date "2018.09.07"]
[Round "4"]
[White "Tsolakidou, Stavroula"]
[Black "Ghukasyan, Siranush"]
[Result "1-0"]
[WhiteElo "2393"]
[BlackElo "2205"]
[Annotator "NA"]
[PlyCount "61"]
[EventDate "2018.09.05"]
[EventType "swiss"]
[EventCountry "TUR"]
[SourceTitle "playchess.com"]
[Source "ChessBase"]
[SourceQuality "1"]
[TimeControl "40/5400+30:1800+30"]

1. d4 {[%emt 0:03:30]} d5 {[%emt 0:00:30]} 2. c4 {[%emt 0:00:00]} e6 {[%emt 0:00:30]} 3. Nf3 {[%emt 0:00:00]} Nf6 {[%emt 0:00:00]} 4. g3 {[%emt 0:00:30]} Bb4+ {[%emt 0:00:00]} 5. Bd2 {[%emt 0:00:30]} Be7 {[%emt 0:00:00]} 6. Bg2 {[%emt 0:00:00]} O-O {[%emt 0:01:00]} 7. O-O {[%emt 0:00:00] LiveBook: 3286 Partien} c6 {[%emt 0:00:00]} 8. Qc2 {[%emt 0:00:00]} b6 {[%emt 0:00:00]} 9. Bf4 {[%emt 0:00:00]} Bb7 {[%emt 0:01:30]} 10. Nbd2 {[%emt 0:00:30]} dxc4 $146 {[%emt 0:05:30] E06: Closed Catalan: Early deviations} ({Predecessor:} 10... Nh5 11. Be5 Nd7 12. cxd5 cxd5 13. Bc7 Qe8 14. Rfc1 Rc8 15. Qd1 Nc5 16. Be5 Nd7 17. e3 Nhf6 18. Bf1 Nxe5 19. Nxe5 {1-0 (57) Istratescu,A (2645)-Hammer,J (2610) Eretria 2011}) 11. Nxc4 {[%emt 0:01:30]} Nd5 {[%emt 0:00:30]} 12. Bd2 {[%emt 0:09:30]} c5 {[%emt 0:02:30]} 13. dxc5 {[%emt 0:06:30]} Bxc5 {[%emt 0:00:30]} 14. Ng5 {[%emt 0:06:30]} g6 {[%emt 0:02:30]} 15. Qe4 {[%emt 0:05:30]} Qe7 {[%emt 0:15:30]} 16. Qh4 {[%emt 0:22:30]} f6 {[%emt 0:15:30]} 17. Ne4 {[%emt 0:00:30]} Nd7 {[%emt 0:02:30]} 18. Nxc5 $14 {[%emt 0:09:30]} Nxc5 {[%emt 0:03:30]} 19. e4 {[%emt 0:04:30]} Nc7 {[%emt 0:00:30]} 20. Bh6 {[%emt 0:00:30]} Rf7 {[%emt 0:05:30]} 21. Rfd1 {[%emt 0:04:30]} Rd8 {[%emt 0:09:30]} 22. e5 {[%emt 0:00:30]} g5 {[%emt 0:19:30]} 23. Qg4 {[%emt 0:07:54]} Bxg2 {[%emt 0:00:20]} 24. Kxg2 {[%emt 0:00:06]} f5 {[%emt 0:03:30]} 25. Qh5 {[%emt 0:03:02]} Rxd1 {[%emt 0:05:03]} 26. Rxd1 {[%emt 0:00:06]} Ne8 {[%emt 0:06:14]} 27. Bxg5 {[%emt 0:04:17]} Qb7+ {[%emt 0:00:30]} 28. Kg1 {[%emt 0:00:00]} Ne4 {[%emt 0:00:00]} 29. Rd8 {[%emt 0:02:00]} Qc6 {[%emt 0:00:25]} 30. Nd6 {[%emt 0:00:10]} N4xd6 {[%emt 0:01:38]} 31. exd6 {[%emt 0:00:05]} 1-0

[Event "World Junior U20 Girls 2018"]
[Site "Gebze"]
[Date "2018.09.07"]
[Round "4"]
[White "Assaubayeva, Bibisara"]
[Black "Kanakova, Natalie"]
[Result "1/2-1/2"]
[WhiteElo "2371"]
[BlackElo "2201"]
[Annotator "TA"]
[PlyCount "173"]
[EventDate "2018.09.05"]
[EventType "swiss"]
[EventCountry "TUR"]
[SourceTitle "playchess.com"]
[Source "ChessBase"]
[SourceQuality "1"]

{[%evp 35,173,0,37,33,42,31,41,38,108,106,106,75,110,110,110,95,150,110,100,85,77,88,73,82,121,110,110,110,146,111,177,142,241,139,133,82,82,82,82,82,82,82,81,83,87,76,109,59,153,153,153,153,157,86,91,62,64,71,71,25,29,0,8,0,0,0,71,71,143,149,149,149,149,149,149,0,149,71,71,71,71,71,71,71,71,71,71,71,71,71,72,71,71,71,71,71,71,71,71,71,71,71,71,71,71,71,71,71,71,71,71,71,71,71,71,71,71,71,71,71,71,71,71,71,71,71,71,71,71,71,71,71,71,71,71,71,71,71,71,71]} 1. d4 Nf6 2. c4 e6 3. Nf3 d5 4. Nc3 c5 5. cxd5 Nxd5 6. e4 Nxc3 7. bxc3 cxd4 8. cxd4 Bb4+ 9. Bd2 Bxd2+ 10. Qxd2 O-O 11. Bc4 Nd7 12. O-O b6 13. Rfe1 Bb7 14. a4 {D41: Damengambit (Verbesserte Tarrasch-Verteidigung)} (14. Rad1 Rc8 15. Bb3 Re8 16. h4 h6 17. Qf4 Qc7 18. Qxc7 Rxc7 19. d5 Nc5 20. d6 Rd7 21. Bc4 a6 22. e5 {1-0 (51) Vachier Lagrave,M (2789)-Giri,A (2782) Leuven 2018}) 14... Nf6 15. Bd3 h6 16. a5 bxa5 17. Rxa5 Qc7 18. Rc1 Qe7 {LiveBook: 3 Partien} 19. Qe1 Rfd8 20. Rca1 $146 Bc6 21. Ra6 Be8 {[#]} (21... Rdc8 $14) 22. h4 $1 $16 h5 23. Qe3 Ng4 24. Qg5 Qxg5 25. hxg5 Rd7 (25... g6 $142) 26. Bb5 Rb7 27. Bxe8 Rxe8 28. Rxa7 Rb2 29. R7a2 Rxa2 30. Rxa2 {[%mdl 4096] Endspiel KTS-KTS} g6 31. e5 Rc8 {[#] ( -> ...Tc1+)} 32. Kf1 Kf8 (32... Rb8 $16 33. Ne1 Kg7) 33. Ke2 {zielt auf Sd2 ab.} Rd8 (33... Rc4 $16 34. Rd2 Ra4) 34. Rd2 ({Lieber} 34. Ra4 $18) 34... Rd5 35. Ne1 (35. Kd3 $142) 35... Nxe5 36. dxe5 Rxe5+ {KTS-KT} 37. Kf1 Rxg5 38. Nf3 Ra5 39. Rd7 Kg7 40. Nd4 {Droht Sxe6+ und aus.} Ra6 41. Nb5 Ra8 (41... Ra1+ $14 42. Ke2 Kg8) 42. Nd6 Rf8 43. Ne4 Kh6 44. Ke2 ({Günstiger ist} 44. f4) 44... g5 45. Ke3 Kg6 46. Nd6 h4 47. Kf3 f5 48. Nb5 e5 49. Rd6+ Kh5 50. Rd5 e4+ (50... g4+ $1 $11 {hält das Gleichgewicht.} 51. Ke2 h3 52. gxh3 gxh3) 51. Ke3 Kg6 (51... Rf6 $142 52. Rc5 Kg4) 52. Nd4 Rf6 53. Rd8 Kg7 54. Rd7+ Kg6 55. Rd8 Kg7 $1 56. f3 (56. Rc8 $142) 56... exf3 {Weiß steht besser.} 57. Nxf3 h3 58. gxh3 g4 59. hxg4 fxg4 60. Ne5 Ra6 61. Kf4 g3 62. Kxg3 Ra4 63. Nd3 Kf6 64. Kf3 Ra1 65. Rd6+ Kf5 66. Rd5+ Kf6 67. Nf2 Ke6 68. Rb5 Rf1 69. Ke2 Ra1 70. Ke3 Re1+ 71. Kd4 Ra1 72. Ne4 Ra4+ 73. Ke3 Ra1 74. Rb6+ Ke5 75. Nf2 Re1+ 76. Kf3 {Sd3+ ist eine echte Drohung.} Ra1 77. Nd3+ Kd5 78. Ke3 Ra3 79. Rb5+ Kd6 80. Kd4 Ra4+ 81. Nb4 Ke6 82. Rb6+ Kf5 83. Ke3 Ra3+ 84. Nd3 Ra1 85. Rb5+ Ke6 86. Nf4+ Kd6 87. Ke4 {Precision: Weiß = 66%, Schwarz = 57%.} 1/2-1/2